000 00377nam a2200145Ia 4500
008 210210b1979 xxu||||| |||| 00| 0 eng d
020 _a19 561146 2
082 _a923.7 TINO
100 _aTINKER (Hugh).
245 _aOrdel of love C. F. Andrews and India.
260 _aDelhi.
_bOxford University Press.,
_c1979
300 _axxi,334
690 _aBiography
906 _a046709
999 _c96136
_d96136